Normal view
MARC view
- The lessons of history
Entry Topical Term
001 - CONTROL NUMBER
- control field: 11322
003 - CONTROL NUMBER IDENTIFIER
- control field: NUST
005 - DATE AND TIME OF LATEST TRANSACTION
- control field: 20180628061150.0
008 - FIXED-LENGTH DATA ELEMENTS
- fixed length control field: 180628|| aca||aabn | a|a d
040 ## - CATALOGING SOURCE
- Original cataloging agency: NUST
- Transcribing agency: NUST
150 ## - HEADING--TOPICAL TERM
- Topical term or geographic name entry element: The lessons of history
670 ## - SOURCE DATA FOUND
- Source citation: Work cat.: (NUST): Durant, Will, 11321, The lessons of history, 1968
